[Event "Aktobe Dvorkovich Rapid op"]
[Site "Aktobe"]
[Date "2022.06.21"]
[Round "6"]
[White "Kostenko, Petr"]
[Black "Tursunali, Bekarys"]
[Result "1-0"]
[WhiteElo "2416"]
[BlackElo "1976"]
[PlyCount "69"]
[EventDate "2022.06.21"]
[EventType "swiss (rapid)"]
[EventRounds "9"]
[EventCountry "KAZ"]
[SourceTitle "CBM 209 Extra"]
[Source "ChessBase"]
[SourceDate "2022.09.30"]
[SourceVersion "1"]
[SourceVersionDate "2022.09.30"]
[SourceQuality "1"]

1. e4 e5 2. Nf3 Nc6 3. Nc3 Nf6 4. Be2 g6 5. d4 exd4 6. Nxd4 d6 7. Bg5 Bg7 8. Nxc6 bxc6 9. e5 dxe5 10. Qxd8+ Kxd8 11. 0-0-0+ Ke7 12. Bf3 Be6 13. Bxc6 Rad8 14. Be3 Bd7 15. Bxd7 Rxd7 16. Bxa7 Ke6 17. h3 h5 18. Be3 Ra8 19. a4 Bf8 20. b3 Ba3+ 21. Kb1 Bb4 22. Rxd7 Kxd7 23. Kb2 Kc6 24. Rd1 Bxc3+ 25. Kxc3 Nd5+ 26. Kc4 Ne7 27. Ra1 f5 28. b4 Kb7 29. a5 f4 30. Bc5 Nf5 31. b5 Rd8 32. a6+ Ka8 33. Re1 Re8 34. Kd5 Rd8+ 35. Kc6 1-0

[Event "Aktobe Dvorkovich Rapid op"]
[Site "Aktobe"]
[Date "2022.06.21"]
[Round "7"]
[White "Tursunali, Bekarys"]
[Black "Sadubayev, Airat"]
[Result "0-1"]
[WhiteElo "1976"]
[BlackElo "2262"]
[PlyCount "102"]
[EventDate "2022.06.21"]
[EventType "swiss (rapid)"]
[EventRounds "9"]
[EventCountry "KAZ"]
[SourceTitle "CBM 209 Extra"]
[Source "ChessBase"]
[SourceDate "2022.09.30"]
[SourceVersion "1"]
[SourceVersionDate "2022.09.30"]
[SourceQuality "1"]

1. d4 d5 2. Nc3 Nf6 3. Bf4 Bf5 4. e3 e6 5. Nf3 Bd6 6. Ne5 Nbd7 7. g4 Bxe5 8. gxf5 Bxf4 9. fxe6 fxe6 10. exf4 Qe7 11. Qd2 0-0-0 12. 0-0-0 Rhf8 13. Re1 Qd6 14. Bh3 Rde8 15. f5 e5 16. dxe5 Nxe5 17. Rd1 c6 18. Kb1 Kb8 19. Qg5 Re7 20. a3 Rfe8 21. Qg3 Nc4 22. Rhg1 Nh5 23. Qh4 Nf4 24. Bf1 Nb6 25. Bd3 h6 26. Qg3 Kc7 27. Qf3 Nd7 28. Rg4 Nxd3 29. Rxd3 Ne5 30. Qg3 Nxg4 31. Qxg4 Qxh2 32. Ka2 Qxf2 33. Rf3 Qc5 34. Qg3+ Qd6 35. Qf2 Kb8 36. f6 gxf6 37. Rxf6 Re6 38. Rf7 R6e7 39. Rf6 Re6 40. Rf7 d4 41. Na4 b5 42. Nc3 R6e7 43. Rf6 Re6 44. Rf7 R6e7 45. Rf6 Re6 46. Rf7 R8e7 47. Rf8+ Kb7 48. Nb1 Qd5+ 49. b3 Re2 50. Qg3 Qe5 51. Qg6 Qe4 0-1